00437nam a2200109Ia 4500008004100000100002500041245008800066260006300154300001800217650001700235856007500252160712s9999 xx 000 0 und d aFernandez, Erwin S.  cErwin S. FernandezaDisappearing Palestine: Israel’s Experiments in Human Despair c2014bKasarinlan Philippine Journal of Third World Studies avol. 29 no. 1 xINDEPENDENCE uhttp://journals.upd.edu.ph/index.php/kasarinlan/issue/view/486/showToc